000 00945nam a22001097a 4500
008 150616b xxu||||| |||| 00| 0 eng d
010 _8HCCRSF:001
245 _aHIGH COURT CRIMINAL SESSION No. 592 of 1968 Uganda Vs Naswagi Kiboya
_d
260 _aHigh Court Kampala
500 _3(Original Criminal Case No. 18 of 1967 of the Chief Magistrate's Court Mengo at Kampala. Before - His Worship M.R. Thakerer, Esq., - Mag. Grd.1.)
500 _3Before - The Hon. Mr. Ag. Justice B.A.Otenu
999 _c6221
_d6221